Note sur les échantillons de bilobites envoyés a l'Exposition Géographique de Toulouse / (Record no. 103204)

MARC details
000 -LEADER
campo de control de longitud fija 00771nam a2200181 i 4500
001 - NÚMERO DE CONTROL
campo de control 103204
003 - IDENTIFICADOR DE NÚMERO DE CONTROL
campo de control ES-MaACL
005 - FECHA Y HORA DE LA ÚLTIMA TRANSACCIÓN
campo de control 20250805063253.0
007 - CAMPO FIJO DE DESCRIPCIÓN FÍSICA--INFORMACIÓN GENERAL
campo de control de longitud fija t|
008 - DATOS DE LONGITUD FIJA--INFORMACIÓN GENERAL
campo de control de longitud fija 060126s1884 fr ||||1| fre d
100 1# - ENTRADA PRINCIPAL--NOMBRE DE PERSONA
Nombre de persona Delgado, Joaquim Filipe Nery,
Fechas asociadas al nombre 1835-1908
9 (RLIN) 43410
245 10 - MENCIÓN DEL TÍTULO
Título Note sur les échantillons de bilobites envoyés a l'Exposition Géographique de Toulouse /
Mención de responsabilidad, etc. par M. J. Nery Delgado.
260 ## - PUBLICACIÓN, DISTRIBUCIÓN, ETC.
Lugar de publicación, distribución, etc. Toulouse :
Nombre del editor, distribuidor, etc. [s.n.],
Fecha de publicación, distribución, etc. 1884 (
Fabricante Typ. Durand)
300 ## - DESCRIPCIÓN FÍSICA
Extensión 8 p., [2] h. de lám. ;
Dimensiones 22 cm.
650 #4 - PUNTO DE ACCESO ADICIONAL DE MATERIA--TÉRMINO DE MATERIA
Término de materia o nombre geográfico como elemento de entrada Paleontología-
Subdivisión geográfica Portugal.
9 (RLIN) 167307
852 ## - LOCALIZACIÓN
Ubicación ES-MaACL
Número de control de estantería B-7964(9)
Nota libre - Encuadernado con otras obras
-- .- Dedicatoria manuscrita del autor a Federico de Botella y Hornos
-- .- Legado Federico de Botella y Hornos
Holdings
Estatus retirado Estado de pérdida Estado de daño No para préstamo Colección Biblioteca de origen Biblioteca actual Ubicación en estantería Fecha de adquisición Fuente de adquisición Total de préstamos Signatura topográfica completa Código de barras Visto por última vez Precio de reemplazo Tipo de ítem Koha
        Libros del s. XIX Biblioteca del Ateneo de Madrid Biblioteca del Ateneo de Madrid Sala Pardo Bazán 17/01/2008     B-7964(9) 1107766 23/02/2023 23/02/2023 Libro impreso antiguo